|
|
|
|
| LEADER |
01165nam a2200253 a 4500 |
| 001 |
2437630 |
| 008 |
091010s1989 enkaf b 001 0 eng d |
| 010 |
|
|
|a 88022631
|
| 020 |
|
|
|a 0192612182
|
| 040 |
|
|
|a DLC
|c DLC
|d DLC
|
| 082 |
0 |
0 |
|a 363.8/2
|2 19
|
| 100 |
1 |
|
|a Jelliffe, Derrick Bryan.
|
| 245 |
1 |
0 |
|a Community nutritional assessment :
|b with special reference to less technically developed countries /
|c Derrick B. Jelliffe and E.F. Patrice Jelliffe, in collaboration with Alfred Zerfas and Charlotte G. Neumann.
|
| 260 |
|
|
|a Oxford [England] ;
|a New York :
|b Oxford University Press,
|c 1989.
|
| 300 |
|
|
|a ix, 633 p., [1] leaf of plates :
|b ill. (some col.) ;
|c 24 cm.
|
| 490 |
0 |
|
|a Oxford medical publications
|
| 504 |
|
|
|a Includes bibliographical references and index.
|
| 541 |
1 |
|
|e 00004203
|
| 650 |
|
0 |
|a Nutrition surveys.
|
| 650 |
|
0 |
|a Nutrition surveys
|z Developing countries.
|
| 700 |
1 |
|
|a Jelliffe, E. F. Patrice.
|
| 852 |
4 |
|
|a Ayesha Abed Library
|j General Shelf.
|
| 999 |
|
|
|c 4389
|d 4389
|
| 952 |
|
|
|0 0
|1 0
|2 ddc
|4 0
|6 363_820000000000000_JEL_1989
|7 0
|9 4083
|a BRACUL
|b BRACUL
|c GEN
|d 2009-10-10
|g 6322.00
|l 1
|o 363.82 JEL
|p 3010004203
|r 2011-12-14
|s 2011-11-30
|t 1
|w 2009-10-10
|y BK
|